Sanat - "Joulun kellot" - Statistics

Yleistilastot
  • Tätä visaa on pelattu 22 kertaa
    19 viimeisimmän päivityksen jälkeen
  • Keskiarvotulos 37 / 50
Vastaustilastot
Vastaus % Oikein
joulu
100%
Hiljaa
93%
hiljaa
93%
Hiljaa
93%
hiljaa
93%
Hiljaa
93%
hiljaa
93%
Hiljaa
93%
hiljaa
93%
joulun
93%
joulun
93%
joulun
93%
kajahtaa
93%
kajahtaa
93%
kajahtaa
93%
kajahtaa
93%
kellot
93%
kellot
93%
kellot
93%
avaruuksien
87%
on
87%
on
87%
on
87%
on
87%
Jeesus
80%
Jeesus
80%
Jeesus
80%
kaikuu
80%
kaikuu
80%
tullut
80%
tullut
80%
tullut
80%
tullut
80%
kautta
73%
laulu
73%
laulu
73%
joulunkellot
67%
riemuinen
53%
lapsosten
47%
sarja
47%
tähtösten
47%
helkkyen
40%
kirkkahasti
40%
taivahalla
40%
välkkyy
40%
joulunkynttilät
33%
kirkkaat
33%
lempeästi
33%
säteillen
33%
hymyvät
27%
Ehtoja vastaavia visoja ei löytynyt
Tulosjakauma
Jokaisen tuloksen saaneiden osuus
Persentiili vastausten määrän mukaan
Tuloshistoriasi
Et ole pelannut tätä visaa sen viimeisimmän päivityksen jälkeen